书目信息 |
| 题名: |
应用多元统计分析
|
|
| 作者: | 赵博娟 编著 | |
| 分册: | ||
| 出版信息: | 北京 中国人民大学出版社 2019.01 |
|
| 页数: | 165页 | |
| 开本: | 26cm | |
| 丛书名: | ||
| 单 册: | ||
| 中图分类: | O212.4 | |
| 科图分类: | ||
| 主题词: | 多元分析--duo yuan fen xi--统计分析 | |
| 电子资源: | ||
| ISBN: | 978-7-300-26460-8 | |
| 000 | 01075nam0 2200253 450 | |
| 001 | 0106081741 | |
| 005 | 20201106082042.0 | |
| 010 | @a978-7-300-26460-8@dCNY29.00 | |
| 100 | @a20190406d2019 em y0chiy50 ea | |
| 101 | 0 | @achi |
| 102 | @aCN@b110000 | |
| 105 | @aa z 000yy | |
| 106 | @ar | |
| 200 | 1 | @a应用多元统计分析@Aying yong duo yuan tong ji fen xi@dApplied multivariate statistical analysis@f赵博娟编著@zeng |
| 210 | @a北京@c中国人民大学出版社@d2019.01 | |
| 215 | @a165页@c图@d26cm | |
| 300 | @a21世纪统计学系列教材 | |
| 330 | @a本书从实践的角度,介绍多元统计分析方法,并在介绍分析原理的同时,给出用三种常用统计软件进行编程和运行的操作细节。书中包括11章内容,依次为数据收集和描述、多元正态分布、线性回归分析案例、聚类分析、主成分分析、因子分析、对应分析、典型相关分析、判别分析、联合分析、广义线性模型简介。 | |
| 510 | 1 | @aApplied multivariate statistical analysis@zeng |
| 606 | 0 | @a多元分析@Aduo yuan fen xi@x统计分析 |
| 690 | @aO212.4@v5 | |
| 701 | 0 | @a赵博娟@Azhao bo juan@4编著 |
| 801 | 0 | @aCN@bBJSZM@c20201106 |
| 905 | @b1190548-51@dO212.4@e133@f4 | |
| 应用多元统计分析=Applied multivariate statistical analysis/赵博娟编著.-北京:中国人民大学出版社,2019.01 |
| 165页:图;26cm |
| 21世纪统计学系列教材 |
| ISBN 978-7-300-26460-8:CNY29.00 |
| 本书从实践的角度,介绍多元统计分析方法,并在介绍分析原理的同时,给出用三种常用统计软件进行编程和运行的操作细节。书中包括11章内容,依次为数据收集和描述、多元正态分布、线性回归分析案例、聚类分析、主成分分析、因子分析、对应分析、典型相关分析、判别分析、联合分析、广义线性模型简介。 |
| ● |
| 相关链接 |
|
|
|
|
正题名:应用多元统计分析
索取号:O212.4/133
 
预约/预借
| 序号 | 登录号 | 条形码 | 馆藏地/架位号 | 状态 | 备注 |
| 1 | 1190548 | 211905483 | 第二样本阅览室/ [索取号:O212.4/133] | 在馆 | |
| 2 | 1190549 | 211905492 | 第三借阅区/ [索取号:O212.4/133] | 在馆 | |
| 3 | 1190550 | 211905508 | 第三借阅区/ [索取号:O212.4/133] | 在馆 | |
| 4 | 1190551 | 211905517 | 第三借阅区/ [索取号:O212.4/133] | 在馆 |